Logo BPK

Bibliografia Prac Pracowników

Politechniki Koszalińskiej

Porównanie dokładności wybranych technik jednopoziomowych w symulacjach UIPM z ustalonym rozkładem punktów obliczeniowych : (Rekord nr 562)

Szczegóły MARC
000 -ETYKIETA REKORDU
podpole kontrolne o stałej długości 00646nab a2200169 i 4500
001 - NUMER KONTROLNY REKORDU
podpole kontrolne BPP
003 - IDENTYFIKATOR NUMERU KONTROLNEGO REKORDU
podpole kontrolne BPK
005 - DATA OSTATNIEJ MODYFIKACJI REKORDU
podpole kontrolne 20180404143428.0
008 - POLE O STAŁEJ DŁUGOŚCI - DANE KONTROLNE
podpole kontrolne o stałej długości 151017s2006 pl n f |000 0pol
040 ## - ŹRÓDŁO KATALOGOWANIA
Instytucja, która utworzyła rekord BPK
100 ## - NAZWA OSOBOWA
Nazwa osobowa HAPKA, Aneta.
Lata pracy 2000 - .
Instytucja Politechnika Koszalińska - Wydział Elektroniki i Informatyki,
Wydział Katedra Systemów Elektronicznych
245 ## - TYTUŁ/ODPOWIEDZIALNOŚĆ
Tytuł Porównanie dokładności wybranych technik jednopoziomowych w symulacjach UIPM z ustalonym rozkładem punktów obliczeniowych :
Ciąg dalszy tytułu raport naukowy 01/2006 /
Pozostałe elementy strefy tytułu i oznaczenia odpowiedzialności Aneta Hapka.
260 ## - STREFA ADRESU WYDAWNICZEGO
Data publikacji, dystrybucji/powstania dokumentu 2006.
500 ## - UWAGI OGÓLNE
Tekst uwagi Dane z bibliografii załącznikowej.
650 #0 - HASŁO PRZEDMIOTOWE W FORMIE NAZWY OGÓLNEJ LUB JEDNOSTKOWEJ
Nazwa ogólna lub geograficzna Symulacja.
942 ## - HASŁO DODATKOWE - ELEMENTY(KOHA)
Typ dokumentu Materiały nieopublikowane
Schemat klasyfikacji Uniwersalna klasyfikacja dziesiętna

Brak dostępnych egzemplarzy.

© 2014 Biblioteka Politechniki Koszalińskiej :: BIBLIOGRAFIA PRAC PRACOWNIKÓW